The nature of adolescence /

THis book is about: Physical development; Thinking and reasoning; The self and identify; Families; Adolescent sexuality; adolescent helth; ...

Sparad:
Bibliografiska uppgifter
Huvudupphovsman: Coleman, John C.
Övriga upphovsmän: Hendry, Leo B.
Materialtyp: Bok
Språk:English
Publicerad: London ; New York : Routledge, 1999.
Upplaga:3rd ed.
Ämnen:
Taggar: Lägg till en tagg
Inga taggar, Lägg till första taggen!
Thư viện lưu trữ: Mạng thư viện Đại học Đà Nẵng
LEADER 01061cam a2200373 i 4500
001 000048825
003 8551
005 20030304151539.0
008 010323|1999 vm 000 eng
020 |a 0415198984 
040 |a IRC  |c IRC  |d IRC 
041 0 |a eng 
082 1 4 |a 305.235  |b CO-J 
100 1 |a Coleman, John C. 
245 0 4 |a The nature of adolescence /  |c John Coleman and Leo B. Hendry. 
250 |a 3rd ed. 
260 |a London ; New York :  |b Routledge,  |c 1999. 
300 |a 275 p. ;  |c 24.5cm. 
520 3 |a THis book is about: Physical development; Thinking and reasoning; The self and identify; Families; Adolescent sexuality; adolescent helth; ... 
630 0 4 |a Adolescence. 
630 0 4 |a Teenagers. 
650 0 4 |a Adolescence. 
650 0 4 |a Teenagers  |z Great Britain. 
700 1 |a Hendry, Leo B. 
OWN |a DUT 
999 |a From the UDN01 
TYP |a Monograph 
TYP |a Printed language 
980 |a Mạng thư viện Đại học Đà Nẵng